000 00630nam a2200181Ia 4500
003 GCL
008 140319s9999 xx 000 0 ara d
040 _aGCL /
_cGCL
082 0 4 _a331.125
_bا ع
245 1 0 _aعائد الاستثمار فى رأس المال البشرى :
_bقياس القيمة الاقتصادية لاداء العاملين
250 _aالاولى
260 _aالقاهرة :
_bايتراك للنشر والتوزيع ،
_c2004
300 _a310 ص ؛
_c24 سم
650 0 4 _aالعمل والعمال
650 0 4 _aالاستثمار
650 0 4 _aالقوى العاملة
942 _2ddc
_cBK
999 _c6108
_d6108